000 00469nam a2200133Ia 4500
008 250506s9999 xx 000 0 und d
024 _a13B-03-EL, 13B-05-EL, 13B-06-EL & 13B-08-EL
082 _a621.98072 IMR
100 _aImran Ahmed, M. Kamran Asad, Nasir Siddique & Areeba Afaq
245 0 _aIntellostick (Micro-controller Based Master White Cane)
260 _aKarachi:
_bUIT,
_c2013
600 _aElectrical Engineering
650 _aBachelor of Engineering (BE)
999 _c28128
_d28128